Taylor Swift Songs by First and Last Letter #3 - Statistics

General Stats
  • This quiz has been taken 53 times
  • The average score is 6 of 10
Answer Stats
First Letter Answer Last Letter % Correct
K Karma a
92%
D Death By A Thousand Cuts/Dress s
84%
L Lavender Haze/Long Live e
68%
W When Emma Falls in Love/White Horse/Would've, Could've, Should've e
68%
F Fortnight t
62%
m marjorie e
62%
n no body, no crime e
59%
B Begin Again/Better Man n
54%
C Castles Crumbling g
30%
S Sad, Beautiful, Tragic c
27%
No matching quizzes found
Score Distribution
Percent of People with Each Score
Percentile by Number Answered
Your Score History
You have not taken this quiz